Riconosci il Pokémon - Quiz n°926 - Statistics

Statistiche generali
  • Questo quiz è stato fatto 7 volte
  • Il punteggio medio è 7 su 10
Statistiche sulle risposte
Indizio Risposta % Corretto
Tipo Normale
100%
Generazione Quarta
100%
Stadio evoluzione Prima evoluzione
86%
Altezza 1,2 m
57%
Peso 20,3 kg
57%
Tasso di cattura 45 (11.9%)
57%
Sesso 50% ♂, 50% ♀
57%
Abilità Tecnico; Raccolta; Abillegame
57%
Tasso di allevamento Veloce
57%
Pokémon Ambipom
43%
Nessun quiz corrispondente trovato
Distribuzione punteggi
Percentuale di utenti per punteggio
Percentile per numero di risposta
I tuoi punteggi nel tempo
Non hai fatto questo quiz